Carrière des footballeurs #1 - Statistiques

Statistiques générales
  • Ce quiz a été pris 282 fois
  • Le résultat moyen est 8 sur 15
Statistiques - réponses
Nationalité Carrière Joueurs % Correct
Croatie Nordstern Bâle 2004 - FC Bâle II 2005 - FC Bâle 2005 - Schalke 04 2007 - Sevilla FC 2011 - FC Barcelone 2014 - Seville FC 2020 - Al-Shabab 2024 - Hajduk Split 2024 Ivan Rakitić
90%
France Stade rennais FC 2015 - Borussia Dortmund 2016 - FC Barcelone 2017 - Paris Saint-Germain 2023 Ousmane Dembélé
87%
Allemagne / Cameroun Hambourg SV 2007 - FC Nuremberg 2009 - Mayence 05 2011 - Schalke 04 2014 - Stoke City 2017 - Paris Saint-Germain 2018 - Bayern Munich 2020 - New York Red Bulls 2025 Eric Maxim Choupo-Moting
66%
France / Espagne CD Baskonia 2011 - Athletic Club B 2012 - Athletic Club 2012 - Manchester City 2018 - Al-Nassr FC 2023 Aymeric Laporte
64%
République tchèque Chmel Blšany 1999 - Sparta Prague 2001 - Stade Rennais 2002 - Chelsea FC 2004 - Arsenal FC 2015 Petr Čech
61%
Brésil Inter Milan 2008 - Vasco da Gama 2008 - RCD Espanyol 2012 - Liverpool FC 2013 - FC Barcelone 2018 - Bayern Munich 2019 - Aston Villa 2022 -Al-Duhail SC 2023 - Vasco da Gama 2024 Philippe Coutinho
61%
Suisse FC Bâle 2010 - Borussia Mönchengladbach 2012 - Arsenal FC 2016 - Bayer Leverkusen 2023 Granit Xhaka
57%
Allemagne RB Leipzig 2013 - Bayern Munich 2015 Joshua Kimmich
50%
Argentine Arsenal FC 2012 - Ocford United 2012 - Sheffield Wednesday 2013 - Rotherham United 2015 - Wolverhampton Wanderers 2015 - Getafe CF 2017 - Reading FC 2019 - Aston Villa 2020 Emiliano Martínez
47%
Pays-Bas / Maroc Heerenveen B 2012 - Heerenveen 2012 - FC Twente 2014 - Ajax Amsterdam 2016 - Chelsea FC 2020 - Galatasaray SK 2023 - Al-Duhail SC 2025 Hakim Ziyech
46%
France AS Monaco 2010 - Paris Saint-Germain 2015 - Fulham FC 2022 - Boavista FC 2025 Layvin Kurzawa
46%
Angleterre Sheffield United 2011 - Hull City 2014 - Wigan Athletic 2015 - Leicester City 2017 - Manchester United 2019 Harry Maguire
44%
Serbie Vojvodina Novi Sad 2006 - FC Groningue 2010 - FC Twente 2012 - Southampton FC 2014 - Ajax Amsterdam 2018 - Fenerbahçe SK 2023 Dušan Tadić
42%
Angleterre Barnsley FC 2011 - Everton FC 2013 - Manchester City 2016 John Stones
35%
Angleterre Chelsea FC 2014 - Crystal Palace 2017 - Fulham fc 2020 - AC Milan 2023 Ruben Loftus-Cheek
26%
Aucun quiz correspondant
Distribution des résultats
% des personnes avec chaque résultat
Percentile par nombre de réponses
Votre historique - résultats
Vous n’avez pas pris ce quiz